Big 4 Sports Teams by Division Blitz Quiz Stats

 Plays Quiz Updated May 1, 2018

Score 0/123 Timer 01:00
2 Plays Today
Division Team % Correct
AFC East (NFL)Buffalo Bills
91.6%
AFC East (NFL)Miami Dolphins
91.6%
AFC East (NFL)New England Patriots
91.6%
AFC East (NFL)New York Jets
91.6%
NFC East (NFL)New York Giants
84.5%
NFC East (NFL)Dallas Cowboys
84.5%
NFC East (NFL)Philadelphia Eagles
84.5%
NFC East (NFL)Washington Redskins
84.5%
NFC North (NFL)Chicago Bears
79.7%
NFC North (NFL)Detroit Lions
79.7%
NFC North (NFL)Green Bay Packers
79.7%
NFC North (NFL)Minnesota Vikings
79.7%
NFC West (NFL)Arizona Cardinals
79.6%
NFC West (NFL)Los Angeles Rams
79.6%
NFC West (NFL)San Francisco 49ers
79.6%
NFC West (NFL)Seattle Seahawks
79.6%
NL Central (MLB)Chicago Cubs
79.2%
NL Central (MLB)Cincinnati Reds
79.2%
NL Central (MLB)Pittsburgh Pirates
79.2%
NL Central (MLB)Milwaukee Brewers
79.2%
NL Central (MLB)St. Louis Cardinals
79.2%
AL East (MLB)Baltimore Orioles
77.4%
AL East (MLB)Boston Red Sox
77.4%
AL East (MLB)New York Yankees
77.4%
AL East (MLB)Tampa Bay Rays
77.4%
AL East (MLB)Toronto Blue Jays
77.4%
AFC North (NFL)Baltimore Ravens
76.9%
AFC North (NFL)Cincinnati Bengals
76.9%
AFC North (NFL)Cleveland Browns
76.9%
AFC North (NFL)Pittsburgh Steelers
76.9%
AFC West (NFL)Denver Broncos
76.3%
AFC West (NFL)Kansas City Chiefs
76.3%
AFC West (NFL)Los Angeles Chargers
76.3%
AFC West (NFL)Oakland Raiders
76.3%
NL West (MLB)Arizona Diamondbacks
75.6%
NL West (MLB)Colorado Rockies
75.6%
NL West (MLB)Los Angeles Dodgers
75.6%
NL West (MLB)San Diego Padres
75.6%
NL West (MLB)San Francisco Giants
75.6%
AFC South (NFL)Houston Texans
75.6%
AFC South (NFL)Indianapolis Colts
75.6%
Division Team % Correct
AFC South (NFL)Jacksonville Jaguars
75.6%
AFC South (NFL)Tennessee Titans
75.6%
NFC South (NFL)Atlanta Falcons
74.3%
NFC South (NFL)Carolina Panthers
74.3%
NFC South (NFL)New Orleans Saints
74.3%
NFC South (NFL)Tampa Bay Buccaneers
74.3%
AL West (MLB)Houston Astros
69.1%
AL West (MLB)Oakland Athletics
69%
AL West (MLB)Seattle Mariners
69%
AL West (MLB)Texas Rangers
69%
AL West (MLB)Los Angeles Angels
69%
AL Central (MLB)Chicago White Sox
67.2%
AL Central (MLB)Cleveland Indians
67.2%
AL Central (MLB)Detroit Tigers
67.2%
AL Central (MLB)Kansas City Royals
67.2%
AL Central (MLB)Minnesota Twins
67.2%
NL East (MLB)Atlanta Braves
66.3%
NL East (MLB)Miami Marlins
66.3%
NL East (MLB)New York Mets
66.3%
NL East (MLB)Philadelphia Phillies
66.3%
NL East (MLB)Washington Nationals
66.3%
Central Division (NHL)Chicago Blackhawks
63.2%
Central Division (NHL)Colorado Avalanche
63.2%
Central Division (NHL)Dallas Stars
63.2%
Central Division (NHL)Minnesota Wild
63.2%
Central Division (NHL)Nashville Predators
63.2%
Central Division (NHL)St. Louis Blues
63.2%
Central Division (NHL)Winnipeg Jets
63.2%
Pacific Division (NBA)Golden State Warriors
63.2%
Pacific Division (NBA)Los Angeles Clippers
63.1%
Pacific Division (NBA)Los Angeles Lakers
63.1%
Pacific Division (NBA)Phoenix Suns
63.1%
Pacific Division (NBA)Sacramento Kings
63.1%
Atlantic Division (NBA)Boston Celtics
62.5%
Atlantic Division (NBA)Brooklyn Nets
62.5%
Atlantic Division (NBA)New York Knicks
62.5%
Atlantic Division (NBA)Philadelphia 76ers
62.5%
Atlantic Division (NBA)Toronto Raptors
62.5%
Central Division (NBA)Chicago Bulls
61.2%
Central Division (NBA)Cleveland Cavaliers
61.2%
Central Division (NBA)Detroit Pistons
61.2%
Division Team % Correct
Central Division (NBA)Indiana Pacers
61.2%
Central Division (NBA)Milwaukee Bucks
61.2%
Southeast Division (NBA)Atlanta Hawks
52.7%
Southeast Division (NBA)Miami Heat
52.7%
Southeast Division (NBA)Charlotte Hornets
52.7%
Southeast Division (NBA)Orlando Magic
52.7%
Southeast Division (NBA)Washington Wizards
52.7%
Atlantic Division (NHL)Boston Bruins
49.8%
Atlantic Division (NHL)Buffalo Sabres
49.8%
Atlantic Division (NHL)Detroit Red Wings
49.8%
Atlantic Division (NHL)Florida Panthers
49.8%
Atlantic Division (NHL)Montreal Canadiens
49.8%
Atlantic Division (NHL)Ottawa Senators
49.8%
Atlantic Division (NHL)Tampa Bay Lightning
49.8%
Atlantic Division (NHL)Toronto Maple Leafs
49.8%
Metropolitan Division (NHL)Columbus Blue Jackets
48.5%
Metropolitan Division (NHL)Carolina Hurricanes
48.5%
Metropolitan Division (NHL)New Jersey Devils
48.5%
Metropolitan Division (NHL)New York Islanders
48.5%
Metropolitan Division (NHL)New York Rangers
48.5%
Metropolitan Division (NHL)Philadelphia Flyers
48.5%
Metropolitan Division (NHL)Pittsburgh Penguins
48.5%
Metropolitan Division (NHL)Washington Capitals
48.5%
Northwest Division (NBA)Minnesota Timberwolves
46.2%
Northwest Division (NBA)Denver Nuggets
46.2%
Northwest Division (NBA)Oklahoma City Thunder
46.2%
Northwest Division (NBA)Portland Trail Blazers
46.2%
Northwest Division (NBA)Utah Jazz
46.2%
Southwest Division (NBA)Dallas Mavericks
44.6%
Southwest Division (NBA)Houston Rockets
44.6%
Southwest Division (NBA)Memphis Grizzlies
44.6%
Southwest Division (NBA)New Orleans Pelicans
44.6%
Southwest Division (NBA)San Antonio Spurs
44.6%
Pacific Division (NHL)Anaheim Ducks
44.5%
Pacific Division (NHL)Arizona Coyotes
44.5%
Pacific Division (NHL)Calgary Flames
44.5%
Pacific Division (NHL)Edmonton Oilers
44.4%
Pacific Division (NHL)Los Angeles Kings
44.4%
Pacific Division (NHL)San Jose Sharks
44.4%
Pacific Division (NHL)Vancouver Canucks
44.4%
Pacific Division (NHL)Vegas Golden Knights
44.4%

You're not logged in!

Compare scores with friends on all Sporcle quizzes.
OR
Log In

Show Comments

Extras

Top Quizzes Today


Score Distribution

Your Account Isn't Verified!

In order to create a playlist on Sporcle, you need to verify the email address you used during registration. Go to your Sporcle Settings to finish the process.

Report this User

Report this user for behavior that violates our Community Guidelines.

Details: